SIXTY years forestry in Brunei Darussalam : towards sustainable management and effective biodiversity conservation through sound forestry practice

Bibliographic Details
Format: Book
Published: Brunei Darussalam : Forestry Department, Ministry of Industry and Primary Resources , 1993
Subjects:

MARC

LEADER 00000cam a2200000 7i4500
001 0000001690
005 20011024.0
090 0 0 |a 634.9095955   |b SIX 1993 
245 0 0 |a SIXTY years forestry in Brunei Darussalam :   |b towards sustainable management and effective biodiversity conservation through sound forestry practice 
260 0 0 |a Brunei Darussalam :   |b Forestry Department, Ministry of Industry and Primary Resources ,   |c 1993 
300 |a 86 p. :   |b col. ill. ;   |c 30 cm. 
650 0 0 |a Forests and forestry   |z Brunei 
998 |a JPSM 
999 |a 0000002558   |b Monograph   |c Open Shelf   |e Default branch